Largest Empires in History - Statistics

General Stats
  • This quiz has been taken 85 times
  • The average score is 6 of 15
Answer Stats
Hint Answer % Correct
18% Mongol
95%
26% British
91%
10% Spanish
84%
9% French
80%
17% Russian
74%
5-6% Japan
53%
11% Qing
44%
6% Brazil
30%
5% Ming
26%
8% Yuan
16%
5% Han
14%
7% Xiongnu
7%
8% Abbasid Caliphate
5%
5% Rashidun Caliphate
4%
4% Turkic Khaganate
0%
No matching quizzes found
Score Distribution
Percent of People with Each Score
Percentile by Number Answered
Your Score History
You have not taken this quiz